| 000 | 01436nam0a22003371 4500 | ||
|---|---|---|---|
| 001 | rc\2160953 | ||
| 005 | 20110826155803.6 | ||
| 035 | _a(NLR Aleph) 006532955 | ||
| 090 |
_a6553582 _c6553582 |
||
| 100 | _a20110826d1979 |||y0rusy50 ca | ||
| 101 | 0 | _arus | |
| 102 | _aRU | ||
| 105 | _aa z ||||| | ||
| 200 | 1 | _aНизкомолекулярные полибутадиены и их применение | |
| 210 |
_aМосква _cЦНИИТЭнефтехим _d1979 |
||
| 215 |
_a67 с. _cил. _d20 |
||
| 225 | 1 |
_aТематический обзор _fЦНИИ информ. и техн.-экон. исслед. нефтеперераб. и нефтехим. пром-сти _iСерия "Промышленность синтетического каучука" |
|
| 300 | _aНа обл. авт. не указаны | ||
| 320 | _aБиблиогр.: с. 59-66 (153 назв.) | ||
| 606 |
_aКаучук бутадиеновый _xПрименение в качестве покрытия _jОбзоры литературы информационные _2psbo |
||
| 686 |
_aК663.44,0 _2rubbk |
||
| 686 |
_aЛ725.2,0 _2rubbk |
||
| 700 | 1 |
_aШитов _bВ. С. _gВячеслав Сергеевич |
|
| 701 | 1 |
_aПушкарев _bЮ. Н. |
|
| 801 | 0 |
_aRU _bNLR _gpsbo |
|
| 801 | 1 |
_aRU _bELAR _2rusmarc |
|
| 852 |
_aNLR _j79-4/23158 |
||
| 899 |
_aRuMoRGB _jB 79-44/211 |
||
| 899 |
_aRuMoRGB _jB 79-44/212 |
||
| 942 | _cBOOK | ||
| 980 | _aNB | ||